| 000 | 00950 a2200229 4500 | ||
|---|---|---|---|
| 001 | 47231 | ||
| 005 | 20260407155740.0 | ||
| 008 | 260407a1998 arg spa d | ||
| 003 | AR-UNSa-BCEJYS | ||
| 040 |
_aAR-UNSa-BCEJYS _bspa _cAR-UNSa-BCEJYS |
||
| 080 |
_a338.124 _xRetroceso de la actividad económica. Contracción económica (Pobreza...) |
||
| 245 | 1 | 0 | _aHacia un mundo sin pobreza |
| 020 | _a84-89691-73-8 | ||
| 264 | 1 |
_aBarcelona : _bAndres Bello _c1998 |
|
| 300 |
_a333 p. _c23 cm. |
||
| 505 | _a1. Los inicios - 2. La fase experimental - 3. La creación - 4. ¿Es exportable el modelo Grameen? - 5. Algunas reflexiones sobre la economía - 6. Nuevas experiencias, nuevos horizontes - 7. Un mundo nuevo. | ||
| 942 | _cBK | ||
| 590 | _aniveau_biblio:m niveau_hierar:0 | ||
| 100 | 1 | _aYunus, Muhammad | |
| 700 | 1 | _aAzócar, Pablo | |
| 856 | 4 | 1 |
_uhttps://www.biblioeco.unsa.edu.ar/pmb/images/libros/L127439.jpg _yImagen de portada _qimage/jpeg |
| 999 |
_c4322 _d4322 |
||